000 00257nam a2200109Ia 4500
008 200302s9999 xx 000 0 und d
100 _aA. L. Basham
245 _aThe Wonder That was India 3 ed,.
260 _bRupa & Co.,
260 _c2001
300 _a568 P.,
999 _c1398
_d1398